[Event "18th WCh U20 Girls"]
[Site "Yerevan ARM"]
[Date "2000.09.18"]
[Round "1"]
[White "Kaps, Darja"]
[Black "Wang Yu"]
[Result "1/2-1/2"]
[WhiteElo "2180"]
[BlackElo "2401"]
[EventDate "2000.09.02"]
[PlyCount "249"]

1.e4 e5 2.Nf3 Nc6 3.Bc4 Nf6 4.d3 Be7 5.O-O O-O 6.c3 d5 7.exd5 Nxd5 8.d4 e4
9.Ne5 Nxe5 10.dxe5 Nb6 11.Bb3 Qxd1 12.Rxd1 Bf5 13.Be3 Rad8 14.Nd2 Nd5 15.
Nf1 Be6 16.Rd4 c5 17.Rxe4 Bf5 18.Ra4 a6 19.g4 Bd3 20.Rd1 b5 21.Rxd3 c4 22.
Bxc4 Nxe3 23.Rxd8 Bxd8 24.Bxf7+ Rxf7 25.Rd4 Bb6 26.fxe3 Bxd4 27.exd4 Rf4 
28.Ne3 Rf3 29.Nf1 Kf7 30.Kg2 Rd3 31.Kf2 Rd1 32.Ke2 Rb1 33.b3 Rb2+ 34.Kd3 
Rxa2 35.d5 a5 36.Nd2 a4 37.bxa4 bxa4 38.Nc4 a3 39.h4 Ra1 40.Kc2 a2 41.Kb2 
Rd1 42.Kxa2 Rxd5 43.Kb3 Ke6 44.Kc2 Rb5 45.Kd3 Kd5 46.Nd6 Rb1 47.Nf7 Rh1 
48.Ng5 Kxe5 49.Ke3 Rc1 50.Nf3+ Kd5 51.Kd3 Rd1+ 52.Ke3 Rc1 53.Kd3 Ra1 54.h5
h6 55.c4+ Kc5 56.Ke4 Kxc4 57.Ne5+ Kc5 58.Kf5 Kd5 59.Nd3 Rf1+ 60.Kg6 Ke4 
61.Nc5+ Kf4 62.Ne6+ Kxg4 63.Nxg7 Ra1 64.Kxh6 Ra6+ 65.Kh7 Kg5 66.Kg8 Ra7 
67.Kf8 Kh6 68.Nf5+ Kxh5 69.Ne7 Kg5 70.Kf7 Ra6 71.Nd5 Kf5 72.Ne3+ Ke4 73.
Ng4 Kf4 74.Nf6 Kf5 75.Nd7 Rh6 76.Nf8 Rf6+ 77.Ke7 Rc6 78.Nd7 Ra6 79.Nf8 Ra1
80.Nd7 Re1+ 81.Kf7 Kg5 82.Nc5 Re3 83.Ne6+ Kf5 84.Ng7+ Ke5 85.Kg6 Rg3+ 86.
Kf7 Rf3+ 87.Kg6 Rf1 88.Nh5 Rg1+ 89.Kf7 Rg2 90.Ng7 Rf2+ 91.Kg6 Rf6+ 92.Kg5 
Ra6 93.Nh5 Ra4 94.Nf6 Ra5 95.Ng4+ Ke4+ 96.Kg6 Kf4 97.Nh6 Ra6+ 98.Kg7 Kg5 
99.Nf7+ Kh5 100.Ne5 Rb6 101.Kf7 Kg5 102.Ke7 Kf5 103.Nd7 Re6+ 104.Kd8 Kf4 
105.Kc7 Ke3 106.Nc5 Rh6 107.Nd7 Kd4 108.Nb6 Kc5 109.Nd7+ Kb5 110.Ne5 Re6 
111.Nd7 Rc6+ 112.Kd8 Rd6 113.Ke7 Kc6 114.Ne5+ Kc7 115.Nf7 Rg6 116.Ne5 Ra6 
117.Nd7 Ra5 118.Nf8 Re5+ 119.Ne6+ Kc6 120.Kf6 Kd6 121.Ng5 Re1 122.Kf5 Kd5 
123.Kf4 Rf1+ 124.Nf3 Rxf3+ 125.Kxf3 1/2-1/2

[Event "18th WCh U20 Girls"]
[Site "Yerevan ARM"]
[Date "2000.09.18"]
[Round "1"]
[White "Xu Yuanyuan"]
[Black "Plachkinova, Tatiana"]
[Result "1-0"]
[WhiteElo "2396"]
[BlackElo "2171"]
[EventDate "2000.09.02"]
[PlyCount "35"]

1.d4 Nf6 2.Nf3 c5 3.d5 b5 4.Bg5 Qb6 5.Nc3 b4 6.Na4 Qa5 7.Bxf6 gxf6 8.b3 f5
9.d6 e6 10.e4 Bg7 11.exf5 Bxa1 12.Qxa1 Rg8 13.Ng5 Nc6 14.Qf6 Rf8 15.Nxh7 
Rg8 16.Qh4 c4 17.Nf6+ Kf8 18.Qh6+ 1-0

[Event "18th WCh U20 Girls"]
[Site "Yerevan ARM"]
[Date "2000.09.18"]
[Round "1"]
[White "Batyte, Daiva"]
[Black "Radziewicz, Iweta"]
[Result "0-1"]
[WhiteElo "2164"]
[BlackElo "2379"]
[EventDate "2000.09.02"]
[PlyCount "60"]

1.e4 c5 2.Nf3 g6 3.Bc4 Bg7 4.O-O Nc6 5.c3 e6 6.d4 cxd4 7.cxd4 d5 8.exd5 
exd5 9.Re1+ Nge7 10.Bb5 O-O 11.Bxc6 Nxc6 12.Nc3 Bg4 13.Be3 f5 14.Ne2 Bxf3 
15.gxf3 f4 16.Nxf4 Rf5 17.Ng2 Qd7 18.Rc1 Raf8 19.f4 Rh5 20.Qf3 Rh3 21.Qe2 
Rh5 22.Qf3 Nxd4 23.Bxd4 Bxd4 24.Rc2 Bb6 25.Rd1 Rhf5 26.b4 d4 27.Qb3+ Kh8 
28.Qh3 Qa4 29.Rdc1 Qd7 30.Nh4 Rg5+ 0-1

[Event "18th WCh U20 Girls"]
[Site "Yerevan ARM"]
[Date "2000.09.18"]
[Round "1"]
[White "Jackova, Jana"]
[Black "Ionica, Iulia"]
[Result "1-0"]
[WhiteElo "2358"]
[BlackElo "2160"]
[EventDate "2000.09.02"]
[PlyCount "59"]

1.e4 c5 2.Nf3 e6 3.Nc3 d6 4.d4 cxd4 5.Nxd4 Nf6 6.Bc4 Be7 7.a3 O-O 8.O-O 
Qc7 9.Ba2 Na6 10.Qe2 Nc5 11.b4 Nb3 12.cxb3 Qxc3 13.Bb2 Qc7 14.Rac1 Qb6 15.
b5 Bd7 16.a4 a6 17.b4 axb5 18.a5 Qd8 19.f4 b6 20.e5 dxe5 21.fxe5 Ne8 22.
Rfd1 Qb8 23.Nf5 exf5 24.Rxd7 Bg5 25.e6 Nf6 26.Bxf6 Bxf6 27.Rxf7 Rxf7 28.
exf7+ Kf8 29.Bd5 Qf4 30.Re1 1-0

[Event "18th WCh U20 Girls"]
[Site "Yerevan ARM"]
[Date "2000.09.18"]
[Round "1"]
[White "Sorokina, Anastasia"]
[Black "Pina Vega, Sulennis"]
[Result "1-0"]
[WhiteElo "2189"]
[BlackElo "2312"]
[EventDate "2000.09.02"]
[PlyCount "61"]

1.e4 c5 2.Nf3 d6 3.d4 cxd4 4.Nxd4 Nf6 5.Nc3 Nc6 6.Bc4 e6 7.Bb3 Be7 8.O-O 
O-O 9.Be3 a6 10.h3 Qc7 11.f4 Nxd4 12.Bxd4 e5 13.Be3 Be6 14.f5 Bxb3 15.axb3
Rfd8 16.Rf2 b5 17.Nd5 Qb7 18.Nxe7+ Qxe7 19.Bg5 d5 20.exd5 Qc5 21.Bxf6 gxf6
22.Qg4+ Kh8 23.c4 Rg8 24.Qh4 Rg5 25.Kh1 a5 26.Raf1 a4 27.Qh6 Ra6 28.cxb5 
Qxb5 29.d6 axb3 30.Qxf6+ Rg7 31.d7 1-0

[Event "18th WCh U20 Girls"]
[Site "Yerevan ARM"]
[Date "2000.09.18"]
[Round "1"]
[White "Gasparian, Mariana"]
[Black "Pahtz, Elisabeth"]
[Result "1/2-1/2"]
[WhiteElo "2090"]
[BlackElo "2343"]
[EventDate "2000.09.02"]
[PlyCount "126"]

1.d4 Nf6 2.Nf3 g6 3.g3 Bg7 4.c4 O-O 5.Bg2 d6 6.O-O Nc6 7.d5 Na5 8.Nfd2 c5 
9.Nc3 a6 10.Qc2 Rb8 11.b3 b5 12.Bb2 e5 13.dxe6 fxe6 14.cxb5 axb5 15.Nce4 
Bb7 16.Rfd1 e5 17.Qd3 Ne8 18.a4 bxa4 19.Rxa4 Nc6 20.Nc4 Nb4 21.Rxb4 cxb4 
22.Ncxd6 Qc7 23.Nxb7 Rxb7 24.Ng5 Rb6 25.Rc1 Qe7 26.Qc4+ Kh8 27.Nf3 e4 28.
Bxg7+ Nxg7 29.Nd4 Qf6 30.Qc5 Rd6 31.Nc6 Rd2 32.Qe3 Qb2 33.Re1 Re8 34.Bxe4 
Nf5 35.Qf3 Qc3 36.Qf4 Ra2 37.Rc1 Ra1 38.Rxa1 Qxa1+ 39.Kg2 Qc3 40.Bf3 Qxb3 
41.Nxb4 Qc3 42.Nc6 Qg7 43.Qb4 Qf6 44.Qc5 Rc8 45.Qa7 Rf8 46.Qd7 Qg5 47.Be4 
Ng7 48.f4 Qb5 49.Bd3 Qa4 50.Qd6 Qa8 51.Be4 Re8 52.Bf3 Qa6 53.Qd1 Qb5 54.
Ne5 Rxe5 55.fxe5 Qxe5 56.Qd8+ Qe8 57.Qf6 Qe6 58.Qd4 h6 59.Be4 Kh7 60.Qd3 
Ne8 61.Bd5 Qf6 62.Qe3 Ng7 63.Be4 Qe6 1/2-1/2

[Event "18th WCh U20 Girls"]
[Site "Yerevan ARM"]
[Date "2000.09.18"]
[Round "1"]
[White "Ramaswamy, Aarthie"]
[Black "Galoian, Lilit"]
[Result "1-0"]
[WhiteElo "2319"]
[BlackElo "2114"]
[EventDate "2000.09.02"]
[PlyCount "83"]

1.e4 c5 2.Nf3 Nc6 3.d4 cxd4 4.Nxd4 Nf6 5.Nc3 e5 6.Ndb5 d6 7.Bg5 a6 8.Na3 
b5 9.Bxf6 gxf6 10.Nd5 f5 11.c3 Bg7 12.Bd3 Be6 13.Nc2 O-O 14.Ncb4 Nxb4 15.
Nxb4 a5 16.exf5 axb4 17.fxe6 bxc3 18.bxc3 e4 19.Bxe4 Bxc3+ 20.Kf1 fxe6 21.
Bxh7+ Kxh7 22.Qd3+ Kg8 23.Qxc3 Ra7 24.Qe3 Qf6 25.Re1 Rxa2 26.f3 Rc8 27.h4 
Rcc2 28.Rh2 Ra1 29.Rh3 Rxe1+ 30.Qxe1 Qh6 31.Rg3+ Kf7 32.Rg5 Qf6 33.Rxb5 
Ra2 34.Rb1 Qd4 35.Rb4 Qd3+ 36.Kg1 Rd2 37.Rb7+ Kf6 38.Qg3 Rd1+ 39.Kh2 Qg6 
40.Qf4+ Qf5 41.Qh6+ Ke5 42.Qg7+ 1-0

[Event "18th WCh U20 Girls"]
[Site "Yerevan ARM"]
[Date "2000.09.18"]
[Round "1"]
[White "Babataeva, Indira"]
[Black "Mkrtchian, Lilit"]
[Result "1/2-1/2"]
[WhiteElo "2077"]
[BlackElo "2312"]
[EventDate "2000.09.02"]
[PlyCount "31"]

1.e4 e6 2.d4 d5 3.Nc3 Bb4 4.Ne2 dxe4 5.a3 Be7 6.Nxe4 Nc6 7.g3 Nf6 8.Bg2 e5
9.Nxf6+ Bxf6 10.d5 Ne7 11.c4 g6 12.O-O O-O 13.Nc3 Bg7 14.f4 Nf5 15.Kh1 Re8
16.fxe5 1/2-1/2

[Event "18th WCh U20 Girls"]
[Site "Yerevan ARM"]
[Date "2000.09.18"]
[Round "1"]
[White "Javakhishvili, Lela"]
[Black "Minnaar, Michelle"]
[Result "1-0"]
[WhiteElo "2301"]
[BlackElo "2062"]
[EventDate "2000.09.02"]
[PlyCount "93"]

1.d4 Nf6 2.c4 g6 3.Nc3 Bg7 4.e4 d6 5.Nf3 O-O 6.Be2 e5 7.Be3 Ng4 8.Bg5 f6 
9.Bh4 Nc6 10.d5 Ne7 11.Nd2 Nh6 12.f3 g5 13.Bf2 f5 14.c5 Ng6 15.O-O Nf4 16.
Nc4 Rf6 17.cxd6 cxd6 18.Nb5 Rg6 19.Bxa7 g4 20.fxg4 Nxg4 21.Bxg4 Rxg4 22.
Kh1 Qg5 23.g3 Nh5 24.Rg1 Qh6 25.Bf2 Rg6 26.Nbxd6 fxe4 27.Nxc8 Rxc8 28.Be3 
Nf4 29.gxf4 exf4 30.d6 fxe3 31.Qd5+ Kh8 32.Rxg6 Qxg6 33.Rg1 Qf6 34.Nxe3 
Qf3+ 35.Ng2 Rg8 36.Re1 Bxb2 37.Qxe4 Qf2 38.Rb1 Bf6 39.a4 b6 40.Ne3 Bd8 41.
Ng4 Qf8 42.d7 Qg7 43.Qe5 Bc7 44.Qxc7 Qxg4 45.Qc3+ Qg7 46.Qxg7+ Kxg7 47.
Rg1+ 1-0

[Event "18th WCh U20 Girls"]
[Site "Yerevan ARM"]
[Date "2000.09.18"]
[Round "1"]
[White "Horn, Emilia"]
[Black "Mohota, Nisha"]
[Result "0-1"]
[WhiteElo "2052"]
[BlackElo "2275"]
[EventDate "2000.09.02"]
[PlyCount "80"]

1.e4 Nf6 2.e5 Nd5 3.d4 d6 4.c4 Nb6 5.exd6 cxd6 6.Nc3 g6 7.Be3 Bg7 8.Rc1 
Nc6 9.b3 O-O 10.Nf3 Bg4 11.Be2 e5 12.dxe5 dxe5 13.Qxd8 Rfxd8 14.h3 Bf5 15.
c5 Nd5 16.Nxd5 Rxd5 17.Bc4 Rd7 18.O-O a6 19.Rfd1 Rad8 20.Rxd7 Rxd7 21.g4 
Bd3 22.Rd1 e4 23.Bxd3 Rxd3 24.Rxd3 exd3 25.Bd2 Bf8 26.b4 f6 27.Kg2 Kf7 28.
g5 Be7 29.h4 Ke6 30.Bc3 fxg5 31.hxg5 Kd5 32.Kf1 Kc4 33.Bd2 Nxb4 34.Ne5+ 
Kxc5 35.a3 Kd5 36.f4 Nc6 37.Nxd3 Bxa3 38.Ke2 b5 39.Ne1 Ke4 40.Nd3 Nd4+ 0-1

[Event "18th WCh U20 Girls"]
[Site "Yerevan ARM"]
[Date "2000.09.18"]
[Round "1"]
[White "Khukhashvili, Sopiko"]
[Black "Leclair, Marie"]
[Result "1-0"]
[WhiteElo "2272"]
[BlackElo "2050"]
[EventDate "2000.09.02"]
[PlyCount "73"]

1.e4 c5 2.Nf3 Nc6 3.d4 cxd4 4.Nxd4 Nf6 5.Nc3 d6 6.g3 e6 7.Bg2 Be7 8.O-O 
O-O 9.Be3 a6 10.a4 Na5 11.h3 Qc7 12.g4 Nc4 13.Bc1 Rd8 14.g5 Ne8 15.Nde2 
Bd7 16.b3 Ne5 17.a5 Rdc8 18.Be3 Bb5 19.Ra2 Bc6 20.f4 Ng6 21.Qe1 f5 22.Qg3 
Qd7 23.exf5 exf5 24.Nd5 Bd8 25.c4 Rab8 26.Nec3 Kh8 27.Bd4 Qf7 28.Re1 Bc7 
29.h4 Bd8 30.h5 Nf8 31.Rae2 Qxh5 32.Rxe8 Bxe8 33.Nf6 Bxf6 34.gxf6 Ng6 35.
Bd5 Rc7 36.fxg7+ Rxg7 37.Re7 1-0

[Event "18th WCh U20 Girls"]
[Site "Yerevan ARM"]
[Date "2000.09.19"]
[Round "2"]
[White "Khukhashvili, Sopiko"]
[Black "Xu Yuanyuan"]
[Result "0-1"]
[WhiteElo "2272"]
[BlackElo "2396"]
[EventDate "2000.09.02"]
[PlyCount "88"]

1.e4 c6 2.d4 d5 3.exd5 cxd5 4.c4 Nf6 5.Nc3 e6 6.Nf3 Bb4 7.cxd5 Nxd5 8.Bd2 
Nc6 9.Bd3 Be7 10.O-O O-O 11.a3 Bf6 12.Be3 Nxc3 13.bxc3 b6 14.Be4 Bb7 15.
Qd3 g6 16.Rfd1 Qc7 17.Rac1 Rfd8 18.c4 Rac8 19.Qb1 Na5 20.Bg5 Bxg5 21.Nxg5 
Qe7 22.Bxb7 Nxb7 23.Nf3 Qxa3 24.Qe4 Nd6 25.Qf4 Nxc4 26.Rxc4 Rxc4 27.Ne5 
Rc7 28.Ng4 Qd6 29.Nf6+ Kf8 30.Qh6+ Ke7 31.Qh4 h6 32.f4 Qa3 33.Nd5+ Kd7 34.
Nxc7 Kxc7 35.Qf2 Kb7 36.h3 Rc8 37.Kh2 Qb3 38.Rd2 Qd5 39.Qh4 h5 40.Qf6 Rc7 
41.Qh4 Qe4 42.Qf2 Rd7 43.g3 Qd5 44.h4 Rc7 0-1

[Event "18th WCh U20 Girls"]
[Site "Yerevan ARM"]
[Date "2000.09.19"]
[Round "2"]
[White "Zimina, Olga"]
[Black "Jackova, Jana"]
[Result "0-1"]
[WhiteElo "2263"]
[BlackElo "2358"]
[EventDate "2000.09.02"]
[PlyCount "56"]

1.e4 e5 2.Nf3 Nc6 3.Bc4 Bc5 4.d3 Nf6 5.Nc3 a6 6.Be3 Bxe3 7.fxe3 d6 8.a3 
Qe7 9.O-O O-O 10.Qe1 Be6 11.Bxe6 Qxe6 12.Ng5 Qg4 13.Rf5 Ne7 14.h3 Qh5 15.
Rxf6 gxf6 16.Nf3 Kh8 17.Qf2 f5 18.Nh4 f4 19.g4 Qh6 20.exf4 Ng6 21.Ng2 Qxh3
22.fxe5 Qxg4 23.exd6 cxd6 24.Rf1 Rg8 25.Nd5 Rg7 26.Ne3 Qg5 27.Nf5 Nf4 28.
Qg3 Ne2+ 0-1

[Event "18th WCh U20 Girls"]
[Site "Yerevan ARM"]
[Date "2000.09.19"]
[Round "2"]
[White "Radziewicz, Iweta"]
[Black "Calotescu, Ana-Cristina"]
[Result "1/2-1/2"]
[WhiteElo "2379"]
[BlackElo "2222"]
[EventDate "2000.09.02"]
[PlyCount "67"]

1.d4 Nf6 2.c4 g6 3.Nc3 Bg7 4.e4 d6 5.Be2 O-O 6.Bg5 Nbd7 7.Qd2 c5 8.d5 b5 
9.cxb5 a6 10.Nf3 axb5 11.Bxb5 Ba6 12.Bxa6 Rxa6 13.O-O Qb6 14.Rac1 Rfa8 15.
Rfe1 Qb8 16.Rc2 Rb6 17.h3 Rb4 18.Re2 Ra7 19.Qe1 h6 20.Bc1 Kh7 21.Qf1 Ne8 
22.Re1 Nc7 23.h4 Nf6 24.h5 Nxh5 25.a3 Rb6 26.e5 Qc8 27.Qd3 Ne8 28.e6 f5 
29.g4 c4 30.Qe2 fxg4 31.Nh4 Nhf6 32.Na2 Rb3 33.Nb4 Rh3 34.Nxg6 1/2-1/2

[Event "18th WCh U20 Girls"]
[Site "Yerevan ARM"]
[Date "2000.09.19"]
[Round "2"]
[White "Aginian, Nelly"]
[Black "Ramaswamy, Aarthie"]
[Result "1/2-1/2"]
[WhiteElo "2205"]
[BlackElo "2319"]
[EventDate "2000.09.02"]
[PlyCount "88"]

1.e4 c5 2.Nf3 Nc6 3.d4 cxd4 4.Nxd4 Nf6 5.Nc3 d6 6.f4 e5 7.Nf3 Be7 8.Bc4 a6
9.a4 O-O 10.f5 Qc7 11.O-O Nb4 12.Bb3 d5 13.Nxd5 Nbxd5 14.Bxd5 Qc5+ 15.Kh1 
Nxd5 16.Qxd5 Qxd5 17.exd5 Bxf5 18.c3 Rad8 19.Nxe5 Rxd5 20.Bf4 Bf6 21.Bg3 
Be6 22.Nf3 Rfd8 23.Bf2 Bd7 24.a5 Rb5 25.Bb6 Re8 26.Rf2 h6 27.Rd2 Bg4 28.
Nd4 Rbe5 29.Rf1 Re1 30.Rf2 Bh4 31.Rf4 R8e4 32.Rxf7 Bf6 33.Rxf6 gxf6 34.Kg1
Kf7 35.Kf2 Rxf1+ 36.Kxf1 Ke7 37.Kf2 Kd6 38.Bd8 Kd5 39.h3 Bd7 40.b3 Rf4+ 
41.Ke3 Rf1 42.Bc7 Rg1 43.Kd3 Rd1+ 44.Ke2 Rg1 1/2-1/2

[Event "18th WCh U20 Girls"]
[Site "Yerevan ARM"]
[Date "2000.09.19"]
[Round "2"]
[White "Pahtz, Elisabeth"]
[Black "Kaps, Darja"]
[Result "1-0"]
[WhiteElo "2343"]
[BlackElo "2180"]
[EventDate "2000.09.02"]
[PlyCount "97"]

1.e4 c5 2.Nf3 Nc6 3.d4 cxd4 4.Nxd4 Nf6 5.Nc3 e5 6.Ndb5 d6 7.Bg5 a6 8.Na3 
b5 9.Nd5 Be7 10.Bxf6 Bxf6 11.c3 Ne7 12.Nxf6+ gxf6 13.Be2 Bb7 14.Bf3 f5 15.
exf5 e4 16.Qd4 exf3 17.Qxh8+ Kd7 18.Qxd8+ Rxd8 19.g3 Be4 20.Kd2 Nxf5 21.
Nc2 d5 22.a4 Nd6 23.axb5 Nc4+ 24.Kc1 axb5 25.Nb4 Ne5 26.Rd1 Ke6 27.h3 Rd6 
28.b3 Nd7 29.Kb2 Nc5 30.Ra8 d4 31.Re8+ Kd7 32.Rxd4 Rxd4 33.cxd4 Ne6 34.Rg8
Nxd4 35.Kc3 Ne2+ 36.Kd2 Ng1 37.Ke3 Bf5 38.h4 Be6 39.Nd3 Kd6 40.b4 Ne2 41.
Kxf3 Nd4+ 42.Ke3 Nc6 43.Rg7 Bf5 44.Rxf7 Bxd3 45.Rf6+ Kd5 46.Rxc6 Kxc6 47.
Kxd3 Kd5 48.h5 Ke5 49.Ke3 1-0

[Event "18th WCh U20 Girls"]
[Site "Yerevan ARM"]
[Date "2000.09.19"]
[Round "2"]
[White "Gvetadze, Sopio"]
[Black "Javakhishvili, Lela"]
[Result "1-0"]
[WhiteElo "2196"]
[BlackElo "2301"]
[EventDate "2000.09.02"]
[PlyCount "111"]

1.e4 c5 2.Nf3 Nc6 3.Bb5 e6 4.Bxc6 bxc6 5.O-O Ne7 6.b3 Ng6 7.Bb2 f6 8.d4 
cxd4 9.Nxd4 Bb7 10.Re1 Be7 11.c4 O-O 12.Nc3 a6 13.Qd2 c5 14.Nc2 f5 15.Rad1
Bc6 16.exf5 Rxf5 17.Ne3 Rf7 18.Ng4 Qc7 19.Ne4 Raf8 20.f3 Rf4 21.Ng3 Bg5 
22.Qc3 Bf6 23.Nxf6+ gxf6 24.Qe3 Qa5 25.a4 Qb4 26.Nh5 Rf5 27.g4 Rxh5 28.
gxh5 Nh4 29.Rf1 Nf5 30.Qd3 Qb8 31.Ba3 Rf7 32.h6 Nxh6 33.Bxc5 Nf5 34.Rf2 
Qf4 35.Rdd2 Qe5 36.Rg2+ Rg7 37.Rxg7+ Kxg7 38.Bf2 Qf4 39.Bg3 Qg5 40.f4 Qg4 
41.b4 Kg6 42.b5 axb5 43.axb5 Bb7 44.Ra2 Qh3 45.Qxd7 Nxg3 46.Qd3+ Kf7 47.
Qxg3 Qf5 48.Rd2 e5 49.h3 exf4 50.Qg4 Qc5+ 51.Kh2 f5 52.Qxf4 Be4 53.Rd7+ 
Ke6 54.Rxh7 Qxc4 55.Qh6+ Ke5 56.Qg7+ 1-0

[Event "18th WCh U20 Girls"]
[Site "Yerevan ARM"]
[Date "2000.09.19"]
[Round "2"]
[White "Mohota, Nisha"]
[Black "Sorokina, Anastasia"]
[Result "0-1"]
[WhiteElo "2275"]
[BlackElo "2189"]
[EventDate "2000.09.02"]
[PlyCount "166"]

1.d4 d5 2.c4 dxc4 3.e3 Nf6 4.Bxc4 e6 5.Nf3 a6 6.O-O c5 7.Bb3 Nc6 8.Nc3 Be7
9.Qe2 O-O 10.Rd1 Qc7 11.Bd2 Rd8 12.dxc5 Bxc5 13.Rac1 Bd6 14.h3 Bd7 15.e4 
h6 16.Na4 b5 17.Nc5 Be8 18.Be3 Qe7 19.a4 Ne5 20.Nxe5 Bxe5 21.f4 Rxd1+ 22.
Rxd1 Bxf4 23.Bxf4 Qxc5+ 24.Be3 Qb4 25.e5 Nd7 26.Bc2 Rc8 27.Rd4 Rxc2 28.
Qxc2 Qe1+ 29.Kh2 Qxe3 30.Re4 Qc5 31.Qe2 Nb6 32.a5 Nd5 33.Rg4 Bc6 34.Qe1 
Qe3 35.Re4 Qxe1 36.Rxe1 Nf4 37.Rc1 Bd5 38.Rc8+ Kh7 39.Rc7 Nd3 40.Ra7 Nxb2 
41.Rxa6 Nc4 42.Ra7 b4 43.a6 b3 44.Rb7 Nxe5 45.Rb5 Nc6 46.Kg3 Kg6 47.Kf4 
Kf6 48.g3 Nd4 49.Rb8 Nf5 50.h4 h5 51.Rb6 b2 52.g4 hxg4 53.Rxb2 g3 54.a7 g2
55.Rb1 e5+ 56.Kg4 Ne3+ 57.Kg3 Nf5+ 58.Kf2 Nxh4 59.Rb6+ Kf5 60.Rb5 Bc6 61.
Rb6 Be4 62.Rb4 Nf3 63.Kxg2 Nd4+ 64.Kg3 Kg5 65.Rb1 Bd5 66.Rb8 f5 67.Rd8 Be4
68.Re8 Nb5 69.a8=Q Bxa8 70.Rxa8 Nd4 71.Rg8 g6 72.Re8 e4 73.Re5 Kf6 74.Rd5 
Ne6 75.Ra5 f4+ 76.Kg4 e3 77.Kf3 Nd4+ 78.Kxf4 e2 79.Ra1 Nc2 80.Ra6+ Kg7 81.
Kg5 e1=Q 82.Rxg6+ Kf7 83.Rf6+ Ke7 0-1

[Event "18th WCh U20 Girls"]
[Site "Yerevan ARM"]
[Date "2000.09.19"]
[Round "2"]
[White "Pina Vega, Sulennis"]
[Black "Horn, Emilia"]
[Result "1-0"]
[WhiteElo "2312"]
[BlackElo "2052"]
[EventDate "2000.09.02"]
[PlyCount "65"]

1.e4 e6 2.Qe2 Ne7 3.d3 d5 4.Nd2 g6 5.g3 Bg7 6.Bg2 O-O 7.Ngf3 Bd7 8.O-O 
dxe4 9.dxe4 Bc6 10.Rd1 b6 11.Nc4 Qe8 12.Bf4 Bb5 13.c3 Qc6 14.Bf1 a5 15.Nd4
Bxd4 16.cxd4 Ra7 17.Rac1 Nd7 18.Qe3 Qb7 19.Na3 Bxf1 20.Rxc7 Qa8 21.Rxa7 
Qxa7 22.Rxf1 Nc6 23.Nb5 Qa6 24.a4 e5 25.Bh6 Rc8 26.d5 Nb4 27.Nd6 Rb8 28.
Qf3 f6 29.Qg4 Nc5 30.f4 Nc2 31.fxe5 Qd3 32.exf6 Qd4+ 33.Kh1 1-0

[Event "18th WCh U20 Girls"]
[Site "Yerevan ARM"]
[Date "2000.09.19"]
[Round "2"]
[White "Mosin, Cristina"]
[Black "Babataeva, Indira"]
[Result "1-0"]
[WhiteElo "2191"]
[BlackElo "2077"]
[EventDate "2000.09.02"]
[PlyCount "143"]

1.e4 c5 2.Nf3 e6 3.d4 cxd4 4.Nxd4 a6 5.Nc3 Qc7 6.g3 Nf6 7.Bg2 d6 8.O-O 
Nbd7 9.f4 h5 10.h3 Be7 11.Be3 Nb6 12.Bf2 Bd7 13.a4 Rc8 14.Qc1 Nc4 15.Nce2 
b6 16.Ra2 Na5 17.b3 g6 18.Qe3 Nc6 19.c4 Kf8 20.Nc3 Kg8 21.Rb1 Bf8 22.Nxc6 
Bxc6 23.Qxb6 Qxb6 24.Bxb6 Bg7 25.Bd4 Kh7 26.Rd2 Rhd8 27.Rdd1 Ba8 28.e5 Ne8
29.Bxa8 Rxa8 30.exd6 Nxd6 31.Bxg7 Kxg7 32.c5 Nf5 33.Kf2 Rdc8 34.Ne4 a5 35.
Rbc1 Rab8 36.c6 Rc7 37.Rd7 Rbc8 38.Rxc7 Rxc7 39.Rc5 Nd4 40.Rxa5 Nxb3 41.
Rb5 Nd4 42.Rb7 Rxc6 43.Ng5 Rc2+ 44.Ke3 Nf5+ 45.Kd3 Ra2 46.Rxf7+ Kg8 47.g4 
Ra3+ 48.Kd2 hxg4 49.hxg4 Nd4 50.Rd7 Nf3+ 51.Nxf3 Rxf3 52.Rd4 Kf7 53.g5 Ke7
54.Kc2 Re3 55.Rb4 e5 56.fxe5 Rxe5 57.Rb5 Re6 58.a5 Ra6 59.Kc3 Kd7 60.Kb4 
Kc7 61.Rc5+ Kb7 62.Re5 Rd6 63.Kc5 Rc6+ 64.Kb5 Rd6 65.Re7+ Kb8 66.Rf7 Rd8 
67.Rf6 Rg8 68.Kb6 Kc8 69.a6 Kb8 70.Kc6 Rg7 71.Rf8+ Ka7 72.Rc8 1-0

[Event "18th WCh U20 Girls"]
[Site "Yerevan ARM"]
[Date "2000.09.19"]
[Round "2"]
[White "Plachkinova, Tatiana"]
[Black "Leclair, Marie"]
[Result "1-0"]
[WhiteElo "2171"]
[BlackElo "2050"]
[EventDate "2000.09.02"]
[PlyCount "47"]

1.d4 d5 2.c4 e6 3.Nc3 c5 4.cxd5 exd5 5.Nf3 Nc6 6.g3 c4 7.Bg2 Bb4 8.O-O 
Nge7 9.Ne5 Nxe5 10.dxe5 d4 11.Qa4+ Qd7 12.Qxb4 dxc3 13.Qxc3 Qb5 14.a4 Qa6 
15.Bg5 Ng6 16.Rfd1 Bd7 17.Rd6 Bc6 18.h4 h6 19.h5 Nf8 20.Bh4 Ne6 21.Bd5 Nc7
22.Bxc4 b5 23.Bxf7+ Kxf7 24.Rxc6 1-0

[Event "18th WCh U20 Girls"]
[Site "Yerevan ARM"]
[Date "2000.09.19"]
[Round "2"]
[White "Galoian, Lilit"]
[Black "Dvorakova, Magdalena"]
[Result "1-0"]
[WhiteElo "2114"]
[BlackElo "2026"]
[EventDate "2000.09.02"]
[PlyCount "57"]

1.d4 d5 2.c4 e6 3.Nc3 c5 4.cxd5 exd5 5.Nf3 Nc6 6.g3 Nf6 7.Bg2 Be7 8.O-O 
O-O 9.Bg5 cxd4 10.Nxd4 h6 11.Bxf6 Bxf6 12.Nb3 Be6 13.Nc5 Qe7 14.Nd3 Rfd8 
15.Qa4 Rac8 16.Rad1 a6 17.Nf4 Bxc3 18.bxc3 Rd6 19.Nxd5 Bxd5 20.Bxd5 Rf6 
21.Rd2 Ne5 22.Qb4 Qxb4 23.cxb4 Rb6 24.Rb1 Nc6 25.a3 Ne7 26.Be4 g6 27.Rd7 
Nc6 28.Bd5 Nd8 29.Rb3 1-0

[Event "18th WCh U20 Girls"]
[Site "Yerevan ARM"]
[Date "2000.09.20"]
[Round "3"]
[White "Calotescu, Ana-Cristina"]
[Black "Wang Yu"]
[Result "0-1"]
[WhiteElo "2222"]
[BlackElo "2401"]
[EventDate "2000.09.02"]
[PlyCount "71"]

1.Nf3 c5 2.c4 Nf6 3.g3 d5 4.d4 cxd4 5.Bg2 Qa5+ 6.Nbd2 dxc4 7.Nxd4 e5 8.Nc2
Be7 9.O-O O-O 10.Nxc4 Qc7 11.N2e3 Be6 12.Bd2 Nc6 13.Rc1 Rad8 14.Qe1 Nd5 
15.Nxd5 Bxd5 16.Bxd5 Rxd5 17.Ne3 Rdd8 18.Nf5 Bf6 19.Bc3 Qd7 20.Ne3 Qe6 21.
b3 Bg5 22.Rd1 Rxd1 23.Nxd1 f5 24.e3 e4 25.Qe2 Bf6 26.Kg2 Bxc3 27.Nxc3 Ne5 
28.Nb5 Nd3 29.Nd4 Qd7 30.f3 Qd5 31.fxe4 Qxe4+ 32.Kg1 g6 33.Rd1 Ne5 34.h3 
Rd8 35.Kf2 Rc8 36.Qd2 0-1

[Event "18th WCh U20 Girls"]
[Site "Yerevan ARM"]
[Date "2000.09.20"]
[Round "3"]
[White "Xu Yuanyuan"]
[Black "Gvetadze, Sopio"]
[Result "1-0"]
[WhiteElo "2396"]
[BlackElo "2196"]
[EventDate "2000.09.02"]
[PlyCount "79"]

1.d4 d5 2.c4 e6 3.Nc3 Bb4 4.Qa4+ Nc6 5.cxd5 exd5 6.e3 Nf6 7.Bd3 O-O 8.Ne2 
Bd7 9.Qc2 Bd6 10.a3 a6 11.f3 Re8 12.O-O Be6 13.Kh1 Bf8 14.Bd2 Na5 15.Be1 
b5 16.Bh4 h6 17.e4 g5 18.Bf2 c6 19.e5 Nd7 20.f4 Bg4 21.h3 Bxe2 22.Qxe2 f6 
23.e6 Bg7 24.fxg5 hxg5 25.Bg6 Re7 26.Qh5 Nb6 27.Be3 Raa7 28.Bf7+ Rxf7 29.
exf7+ Rxf7 30.Bxg5 Nbc4 31.Rae1 Nd6 32.Bf4 Nac4 33.Re2 a5 34.Rfe1 f5 35.b3
Nxa3 36.Bxd6 Qxd6 37.Re8+ Bf8 38.R1e6 Qf4 39.Rg6+ Rg7 40.Rxf8+ 1-0

[Event "18th WCh U20 Girls"]
[Site "Yerevan ARM"]
[Date "2000.09.20"]
[Round "3"]
[White "Aginian, Nelly"]
[Black "Radziewicz, Iweta"]
[Result "1/2-1/2"]
[WhiteElo "2205"]
[BlackElo "2379"]
[EventDate "2000.09.02"]
[PlyCount "100"]

1.e4 c5 2.Nf3 Nc6 3.d4 cxd4 4.Nxd4 Nf6 5.Nc3 e5 6.Ndb5 d6 7.Bg5 a6 8.Na3 
b5 9.Nd5 Be7 10.Bxf6 Bxf6 11.c3 O-O 12.Nc2 Bg5 13.a4 bxa4 14.Rxa4 Rb8 15.
b4 a5 16.Bc4 Kh8 17.O-O f5 18.exf5 Bxf5 19.Qe2 Rc8 20.Nce3 Bxe3 21.Nxe3 d5
22.Bxd5 axb4 23.Rd1 Qe8 24.Bxc6 Qxc6 25.Rxb4 Qxc3 26.Rc4 Rxc4 27.Qxc4 Qxc4
28.Nxc4 e4 29.h3 h6 30.Re1 Bg6 31.Nd6 Kh7 32.Nxe4 Bxe4 33.Rxe4 h5 34.h4 
Rf5 35.f3 Ra5 36.Kf2 Kg6 37.Rf4 Ra2+ 38.Kg3 Rb2 39.Kh3 Ra2 40.Rb4 Rc2 41.
Rb5 Ra2 42.Rg5+ Kh6 43.g4 hxg4+ 44.Rxg4 Ra1 45.Kg3 Rg1+ 46.Kf4 Ra1 47.Rg5 
Ra4+ 48.Kg3 Rb4 49.f4 Rb1 50.Kg4 g6 1/2-1/2

[Event "18th WCh U20 Girls"]
[Site "Yerevan ARM"]
[Date "2000.09.20"]
[Round "3"]
[White "Zimina, Olga"]
[Black "Pina Vega, Sulennis"]
[Result "1-0"]
[WhiteElo "2263"]
[BlackElo "2312"]
[EventDate "2000.09.02"]
[PlyCount "115"]

1.e4 c5 2.Nf3 d6 3.d3 Nc6 4.g3 g6 5.Bg2 Bg7 6.O-O e5 7.c3 Nge7 8.a3 O-O 9.
b4 a6 10.Bb2 b6 11.Nbd2 f5 12.Qb3+ Kh8 13.a4 Rf6 14.d4 f4 15.a5 fxg3 16.
fxg3 b5 17.Ng5 c4 18.Rxf6 Bxf6 19.Nf7+ Kg7 20.Nxd8 cxb3 21.Nxc6 Nxc6 22.d5
Nd8 23.Nxb3 Bd7 24.Kf2 Rc8 25.Ke2 Nf7 26.Kd3 Ng5 27.Rf1 Bg4 28.Bc1 h5 29.
Be3 Be7 30.Nd2 Nf7 31.Rc1 Bd7 32.Kc2 h4 33.Kb2 h3 34.Bf3 Nh6 35.Be2 Ng4 
36.Bg1 Bg5 37.Kc2 Ne3+ 38.Bxe3 Bxe3 39.Kd3 Bxd2 40.Kxd2 Kf6 41.Rf1+ Ke7 
42.Kc2 Re8 43.Kb3 Rc8 44.Rf2 Rc7 45.Kb2 Rc8 46.Rf1 Rb8 47.Kc2 Re8 48.Kd2 
Rc8 49.Kd3 Rc7 50.Rc1 Kf6 51.Kd2 Rb7 52.Rf1+ Ke7 53.g4 Rb8 54.g5 Rh8 55.
Rf6 Rh4 56.Ke3 Bg4 57.Bf3 Bh5 58.Kf2 1-0

[Event "18th WCh U20 Girls"]
[Site "Yerevan ARM"]
[Date "2000.09.20"]
[Round "3"]
[White "Ramaswamy, Aarthie"]
[Black "Mosin, Cristina"]
[Result "1/2-1/2"]
[WhiteElo "2319"]
[BlackElo "2191"]
[EventDate "2000.09.02"]
[PlyCount "89"]

1.e4 c5 2.Nf3 Nc6 3.d4 cxd4 4.Nxd4 Nf6 5.Nc3 e5 6.Ndb5 d6 7.Bg5 a6 8.Na3 
b5 9.Bxf6 gxf6 10.Nd5 f5 11.Bd3 Be6 12.O-O Bxd5 13.exd5 Ne7 14.Nxb5 Bg7 
15.Nc3 e4 16.Bc4 Ng6 17.Kh1 Qc7 18.Bb3 Bxc3 19.bxc3 Qxc3 20.Ba4+ Ke7 21.f3
h5 22.Bc6 Rab8 23.Qe2 e3 24.f4 Nxf4 25.Qf3 Rb4 26.Rae1 Re4 27.Rb1 Qe5 28.
Rb7+ Kf6 29.Rb3 h4 30.Re1 e2 31.g3 hxg3 32.Qxg3 Rh3 33.Qg8 Ree3 34.Rxe3 
Qxe3 35.Qd8+ Kg7 36.Qg5+ Kf8 37.Qd8+ Kg7 38.Qg5+ Kh7 39.Qxf5+ Ng6 40.Rxe2 
Qc1+ 41.Kg2 Rh4 42.Rf2 Kh6 43.Rf1 Qd2+ 44.Qf2 Qg5+ 45.Kh1 1/2-1/2